| 000 | 00537nam a2200193Ia 4500 | ||
|---|---|---|---|
| 005 | 20250319045846.0 | ||
| 008 | 240331s9999 xx 000 0 und d | ||
| 020 | _a041590353X | ||
| 082 |
_a302.23 _bJHA _22528 |
||
| 100 | _aJhally, S | ||
| 245 | 4 |
_aThe Codes of Advertising: _bFetishism and the Political Economy of Meaning in the Consumer Society |
|
| 260 |
_aLondon; _aNew York, _bRoutledge _c1990 |
||
| 300 | _aix, 225 p., | ||
| 650 | _aMarxism | ||
| 650 | _aAdvertisements | ||
| 650 | _aReligion | ||
| 650 | _aLabour | ||
| 942 | _cL | ||
| 999 |
_c1114 _d1114 |
||